Statistiken für Alle Oscars 2023

Klicken Sie hier um das Quiz zu spielen!

Allgemein

  • Dieses Quiz wurde 47 mal gespielt
  • Das Durchschnittsergebnis liegt bei 9 aus 23

Antwortstatistiken

HintAntwort% Korrekt
Bestes SzenenbildIm Westen nichts Neues
86%
Bester internationaler FilmIm Westen nichts Neues
86%
Bester FilmEverything Everywhere All at Once
69%
Bester SchnittEverything Everywhere All at Once
69%
Beste RegieEverything Everywhere All at Once
69%
Beste KameraJames Friend -
Im Westen nichts Neues
62%
Beste FilmmusikVolker Bertelmann - Im Westen nichts Neues
62%
Beste Hauptdarstellerin
Michelle Yeoh -
Everything Everywhere All at Once
52%
Bestes Originaldrehbuch
Daniel Kwan, Daniel Scheinert - Everything Everywhere All at Once
52%
Bester NebendarstellerKe Huy Quan - Everything Everywhere All at Once
52%
Beste NebendarstellerinJamie Lee Curtis -
Everything Everywhere All at Once
52%
Bester AnimationsfilmGuillermo del Toros Pinocchio
36%
Bester HauptdarstellerBrendan Fraser - The Wale
33%
Bestes KostümdesignBlack Panther: Wakanda Forever
24%
Beste visuelle EffekteRichard Baneham, Daniel Barrett, Joe Letteri, Eric Saindon - Avatar: The Way of Water
24%
Bester Ton Chris Burdon, James Mather, Al Nelson, Mark Taylor, Mark Weingarten - Top Gun: Maverick
21%
Bester FilmsongNaatu Naatu -
RRR
14%
Bester DokumentarfilmNawalny (Navalny)
10%
Bestes Make-up und beste FrisurenAnnemarie Bradley, Judy Chin, Adrien Morot - The Whale
10%
Bester Dokumentar-KurzfilmDie Elefantenflüsterer
7%
Bester KurzfilmAn Irish Goodbye
5%
Bester animierter KurzfilmDer Junge, der Maulwurf, der Fuchs und das Pferd
5%
Bestes adaptiertes DrehbuchSarah Polley - Die Aussprache
2%

Verteilung der Resultate

Perzentil nach korrekt beantworteten Fragen

Anzahl Personen mit jedem Resultat

Ihre Resultats-Entwicklung

Sie haben dieses Quiz noch nicht gespielt